00354nam a2200109Ia 4500008004100000082000800041100001500049245006200064942000600126952009700132999001500229240331s9999 xx 000 0 und d bPEA aPeacock, O 0aMinority politics in Sri Lanka :ba study of the Burghers cL 001040708LaWERCLbWERCLcSSCd2024-03-31l0o 305.8 PEAp3516r2024-03-31w2024-03-31yL c2031d2031